[Event "Stay Safe Play From Home 235"]
[Site "Emanuel Lasker Arena"]
[Date "2020.06.18"]
[Round "2"]
[White "SoulofWolf"]
[Black "Lazieri3"]
[Result "1-0"]
[WhiteElo "2153"]
[BlackElo "2169"]
[Annotator "TA"]
[PlyCount "105"]
[EventDate "2020.06.18"]
[EventType "swiss (blitz)"]

{[%evp 9,105,16,20,-14,48,57,43,15,29,-6,29,26,14,12,43,14,11,17,41,31,250,38,45,32,80,35,39,28,56,41,251,-38,39,-81,-45,-100,0,0,722,333,348,219,228,0,597,0,220,0,335,325,293,109,261,275,269,147,227,175,2182,0,0,0,931,-1982,-1898,-1779,-1836,-1510,-1505,-1374,-1070,-942,-563,-955,0,-29992,-247,-205,29982,0,29987,29988,29994,29989,29994,29989,29987,12838,29987,12839,29992,0,12838,12834,2151,0,1910,1052]} 1. c4 c6 2. b3 d5 3. e3 Nf6 4. Bb2 Bg4 5. f3 Bf5 {[#]} 6. Ne2 $146 {A11: English Opening: 1...c6.} ({Predecessor:} 6. cxd5 cxd5 7. g4 Bg6 8. f4 e6 9. g5 Nfd7 10. Nf3 h6 11. Rg1 Nc6 12. Bb5 {½-½ (37) Ivanisevic,I (2649)-Farago,I (2447) Bergamo 2013}) 6... Bxb1 ({Black should play} 6... Bd3 $11) 7. Rxb1 $14 e6 8. Ng3 {White is slightly better.} Bd6 9. d4 Qe7 10. Bd3 Bb4+ 11. Kf2 Ba3 12. c5 Bxb2 13. Rxb2 Nbd7 14. b4 $36 {[%mdl 2048] White is pushing.} e5 $2 (14... a6 $14) 15. b5 $2 (15. Nf5 $18 Qd8 16. Nxg7+ Kf8 17. Nf5) 15... O-O 16. a4 {[%cal Ba2a4,Ba4a5][%mdl 32]} Rfe8 17. a5 exd4 18. exd4 {Threatening Re1.} Qe3+ {[%mdl 64] Double Attack} 19. Kf1 {a6 is the strong threat.} Kh8 $2 (19... g6 $14 20. Ne2 Rab8) 20. Bf5 $2 (20. Nf5 $18 Qf4 21. a6) 20... g6 (20... cxb5 $15 21. Bxd7 Nxd7) 21. Bh3 (21. a6 $14 {keeps the upper hand.} Nxc5 22. dxc5 bxa6 23. bxc6 gxf5 24. Nxf5) 21... Qc3 22. Qd2 ({Better is} 22. Rc2 $1 $15 Qxa5 23. bxc6 bxc6 24. Kf2) 22... Qc4+ (22... Qxd2 $17 23. Rxd2 cxb5) 23. Kf2 $11 {[#]} cxb5 $2 {[%mdl 8192]} (23... Nxc5 $1 $11 {[%mdl 512]} 24. dxc5 Qxc5+ 25. Kf1 Qc4+ 26. Kf2 Qc5+ 27. Kf1 Qc4+ 28. Kg1 Qc5+ 29. Kf1) 24. Rc1 (24. Rb4 $142) 24... Qa4 $18 25. Ra2 Qb3 26. Rc3 $2 (26. Rca1 $18) 26... Qb1 $2 {[%mdl 8192]} (26... Qb4 $1 $11 {and Black has nothing to worry.}) 27. Rc1 $2 (27. Rca3) 27... Qb3 28. Rb2 (28. Rca1 $142) 28... Qa4 29. Rcb1 b4 30. Rxb4 $2 (30. Qxb4 $18 Qxb4 31. Rxb4) 30... Qc6 $2 (30... Qxa5 $16 {keeps fighting.} 31. Qf4 Kg8) 31. Rxb7 Rab8 32. Qb2 (32. Bxd7 $18 Nxd7 33. Rxb8 Nxb8 34. Qf4) 32... Rxb7 (32... Kg7 $16) 33. Qxb7 Qe6 $2 (33... Qa4 34. Ne2 Rb8) 34. Qb2 $2 ({Only move:} 34. Bxe6 $18 Rxe6 35. c6) 34... Qe3+ $11 35. Kf1 {Hoping for c6.} Nh5 $2 {[%mdl 8192]} (35... Qd3+ $11 36. Kf2 (36. Kg1 $2 Rb8 $19) 36... Rb8 37. Qxb8+ Nxb8 38. Rxb8+ Kg7) 36. Qf2 $4 {[%mdl 8192]} (36. Bxd7 $18 Nxg3+ 37. hxg3 Qd3+ 38. Kg1) 36... Nxg3+ $19 37. hxg3 Qd3+ {[%mdl 64] Double Attack} 38. Kg1 Qxb1+ 39. Kh2 Nf6 40. c6 Qd3 41. Qg1 Ne4 $2 (41... Qc3 $19 42. Bd7 Re2) 42. Qf2 $2 {[%mdl 8192]} (42. Bd7 $11) 42... Nxg3 $2 (42... Nxf2 43. g4 g5 44. c7 Qd1 45. c8=Q Rxc8 46. a6 Qh1+ 47. Kg3 Nxh3 48. gxh3 Qg1#) 43. Qxg3 {[%mdl 4096] Endgame KQR-KQB} Qf5 $4 {[%mdl 8192]} ({Don't take} 43... Qxd4 44. Qd6 $17) (43... f5 $19 44. Qd6 Qxd4) 44. f4 $2 (44. Bxf5 h6 45. Bd7 Rf8 46. c7 h5 47. Qe5+ Kh7 48. c8=Q Rxc8 49. Bxc8) 44... Qxf4 $2 {[%mdl 8192]} (44... Qc2 $11 45. Bd7 Re4) 45. Qxf4 Rc8 46. Qg3 Rc7 47. Bf5 Rxc6 48. Bxg6 (48. Qe5+ $142 Kg8 49. Qe8+ {[%mdl 64] Double Attack} Kg7 50. Qxc6 Kf8 51. Bd3 Kg7 52. Qxd5 Kf8 53. Bc4) 48... Kg7 49. Qe5+ (49. Bh5+ $142 Kf8 50. Qb8+ Kg7 51. Qxa7 Rf6 52. a6 Rf5 53. g4 Rf6 54. Qb7 $1 {[%mdl 512]}) 49... Kh6 50. Qg3 $2 (50. Qh5+ {mates} Kg7 51. Qxh7+ Kf6 52. Qxf7+ {[%mdl 64] Double Attack} Kg5 53. Bd3 Rh6+ {[#]} 54. Kg3 $1 {[%mdl 512]} Rf6 55. Qg7+ Kh5 56. Qxf6 a6 57. Qh4#) 50... hxg6 $4 {[%mdl 8192]} (50... Kg7 $11 51. Bh5+ Kh6 52. Bxf7 Rf6 53. Bxd5 a6 54. Be4 Rf8 55. Qg4 Rf7 56. Qh4+ Kg7 57. Qxh7+ Kf6 58. Qh6+ Ke7 59. Qxa6 Rf8 60. Qb7+ Ke6 61. Qc6+ Ke7 62. Qc7+ Kf6 63. Qd6+ {[%mdl 64] Double Attack} Kf7 64. Qc7+ Kf6 65. Qd6+ {[%mdl 64] Double Attack} Kf7 66. Qc7+ Kf6) 51. Qh3+ Kg7 52. Qg3 $2 ({White should try} 52. Qd7 $18) 52... g5 $2 {[%mdl 8192]} (52... Kh6 $11 53. Qb8 Ra6 54. Qh8+ Kg5) 53. Qf3 {Accuracy: White = 24%, Black = 37%.} 1-0

[Event "Stay Safe Play From Home 235"]
[Site "Emanuel Lasker Arena"]
[Date "2020.06.18"]
[Round "2"]
[White "Grazie"]
[Black "Klasman"]
[Result "1-0"]
[WhiteElo "1859"]
[BlackElo "1285"]
[Annotator "NA RC"]
[PlyCount "59"]
[EventDate "2020.06.18"]
[EventType "swiss (blitz)"]

1. d4 {[%emt 0:00:01]} f5 {[%emt 0:00:01]} 2. c3 {[%emt 0:00:00]} Nf6 {[%emt 0:00:01]} 3. g3 {[%emt 0:00:00]} e6 {[%emt 0:00:01]} 4. Bg2 {[%emt 0:00:00]} d5 {[%emt 0:00:01]} 5. Nf3 {[%emt 0:00:00]} c5 {[%emt 0:00:01]} 6. Bg5 {[%emt 0:00:00]} Nc6 {[%emt 0:00:02]} 7. Bxf6 {[%emt 0:00:01]} Qxf6 {[%emt 0:00:02]} 8. dxc5 {[%emt 0:00:00]} Bxc5 {[%emt 0:00:02]} 9. Nbd2 {[%emt 0:00:00]} Bd7 {[%emt 0:00:01]} 10. O-O {[%emt 0:00:01]} O-O {[%emt 0:00:01]} 11. e3 {[%emt 0:00:00]} a6 {[%emt 0:00:04]} 12. Nd4 {[%emt 0:00:01]} b5 {[%emt 0:00:04]} 13. Nxc6 {[%emt 0:00:02]} Bxc6 {[%emt 0:00:01]} 14. Nb3 {[%emt 0:00:00]} Bd6 {[%emt 0:00:03]} 15. Nd4 {[%emt 0:00:04]} Bb7 {[%emt 0:00:03]} 16. Qb3 {[%emt 0:00:01]} Rae8 {[%emt 0:00:03]} 17. Rad1 {[%emt 0:00:02]} Kh8 {[%emt 0:00:02]} 18. Rd2 {[%emt 0:00:02]} g5 {[%emt 0:00:03]} 19. Rfd1 {[%emt 0:00:01]} f4 {[%emt 0:00:02]} 20. exf4 {[%emt 0:00:01]} gxf4 {[%emt 0:00:01]} 21. Re2 {[%emt 0:00:07]} fxg3 {[%emt 0:00:02]} 22. fxg3 {[%emt 0:00:01]} Bc5 {[%emt 0:00:04]} 23. Kh1 {[%emt 0:00:01]} e5 {[%emt 0:00:03]} 24. Nf3 {[%emt 0:00:05]} e4 {[%emt 0:00:02]} 25. Nd4 {[%emt 0:00:01]} Re7 {[%emt 0:00:02]} 26. Qc2 {[%emt 0:00:04]} Bxd4 {[%emt 0:00:03]} 27. Rxd4 {[%emt 0:00:03]} Ref7 {[%emt 0:00:02]} 28. Re1 {[%emt 0:00:02]} Qh6 {[%emt 0:00:02]} 29. Qd1 {[%emt 0:00:03]} Rf2 {[%emt 0:00:02]} 30. b4 {[%emt 0:00:05] Time} 1-0

[Event "Stay Safe Play From Home 235"]
[Site "Emanuel Lasker Arena"]
[Date "2020.06.18"]
[Round "2"]
[White "Justwatch"]
[Black "Lamborghini"]
[Result "0-1"]
[WhiteElo "1815"]
[BlackElo "2183"]
[Annotator "TA"]
[PlyCount "86"]
[EventDate "2020.06.18"]
[EventType "swiss (blitz)"]

{[%evp 9,85,10,13,8,27,14,73,35,22,-27,-30,-56,-2,-4,-6,-29,6,-64,-42,-110,-43,-43,-45,-45,-34,-50,-34,-25,-23,-81,0,-54,-31,-110,-79,-111,-42,-72,-30,-39,79,0,72,-33,294,27,315,-45,-57,-51,-41,-53,-30,-41,0,-77,-39,-177,-180,-154,-116,-134,-80,-195,-52,-61,-60,-69,-37,-25,-26,-102,-105,-97,-100,-29999,-29991,-29999]} 1. e4 g6 2. Nf3 Bg7 3. Nc3 d6 4. Bc4 e6 5. d3 Ne7 {[#]} 6. Bb3 $146 {B06: Modern Defence.} ({Predecessor:} 6. O-O O-O 7. Re1 Nd7 8. a4 a5 9. Be3 b6 10. Qd2 Bb7 11. Bh6 d5 12. Bxg7 Kxg7 {1-0 (38) Trumpp,L (2004)-Altenbernd,D (1842) Heusenstamm 2018}) 6... h6 7. Be3 c5 (7... d5 $11) 8. Qd2 {White is better.} Nbc6 9. a3 a6 10. Ne2 b6 (10... Bxb2 $15 11. Rd1 Bg7) 11. c3 $11 d5 12. Bc2 Bb7 13. exd5 (13. O-O $11) 13... Nxd5 14. Ng3 (14. O-O $15) 14... Nxe3 (14... Qc7 $17 15. O-O O-O-O) 15. fxe3 $15 O-O 16. O-O f5 17. e4 Qd7 18. exf5 exf5 19. Nh4 (19. Rae1 $11) 19... Kh7 (19... Ne5 $17 {...f4! is the strong threat.} 20. Rae1 f4 $1 {[%mdl 512]}) 20. Rad1 ({Better is} 20. d4 $11 Ne7 21. Rae1) 20... Ne7 21. Bb1 ({White should try} 21. d4 $15) 21... Rad8 22. Qc2 {[#]} Rf6 (22... Bd4+ $1 $17 {[%mdl 512]} 23. Kh1 (23. cxd4 Qxd4+) 23... Bf6) 23. Nf3 Qd5 24. d4 c4 (24... Qd6 $15) 25. Rf2 ({White should play} 25. Rde1 $1 $16 {[%cal Re1e7]} Re6 26. Rxe6 Qxe6 27. Re1) 25... Nc6 (25... Re6 $11) 26. Kh1 (26. h4 $1 $16) 26... Re6 $2 {[%mdl 8192] [#]} (26... b5 $15 {keeps the upper hand.}) 27. Rdf1 $2 ({White has to play} 27. Nxf5 $1 $18 {[%mdl 512] And now N3h4 would win.} Qxf5 28. Qxf5 gxf5 29. Bxf5+ {[%mdl 64] Double Attack} Rg6 30. Nh4 {[%mdl 64] Pin}) 27... Rde8 $2 {[%mdl 8192] [#]} (27... Ne7 $1 $11 {and Black is okay.}) 28. Re2 $2 ({White must play} 28. Nxf5 $1 $18 {[%mdl 512]} Qxf5 29. Qxf5 gxf5 30. Bxf5+ {[%mdl 64] Double Attack} Kg8 31. Bxe6+ Rxe6 32. d5 {[%mdl 64] Double Attack}) 28... Rxe2 29. Nxe2 Ne7 $36 {[%mdl 2048] Black fights for an advantage.} 30. Ng3 Qd6 31. Re1 Kg8 32. Ne5 (32. Qe2 $11 {remains equal.}) 32... Nd5 {[%cal Rg7e5]} 33. Nf3 (33. Nxf5 $1 $15 gxf5 34. Qxf5) 33... Rxe1+ $19 34. Nxe1 Nf4 35. Nf3 Qd5 (35... h5 $142 36. Qc1 Bh6) 36. Qd2 {[#]} (36. Qf2 $17 {might work better.}) 36... Ne6 (36... Nxg2 $1 $19 {[%mdl 512]} 37. Qxg2 Qxf3 38. Qxf3 Bxf3+ 39. Kg1 Kf7) 37. Bc2 b5 38. Qf2 Ng5 39. Nxg5 hxg5 40. Kg1 (40. h3 $1 $11) 40... g4 41. Ne2 Bh6 {Hoping for ...Be3!} 42. g3 $2 {[%mdl 8192]} (42. Qg3 $17) 42... Be3 {[%mdl 64] Deflection} 43. Qxe3 Qg2# {Both players deserved the win here. Accuracy: White = 33%, Black = 42%.} 0-1

[Event "Stay Safe Play From Home 235"]
[Site "Emanuel Lasker Arena"]
[Date "2020.06.18"]
[Round "2"]
[White "Souchov"]
[Black "Position"]
[Result "0-1"]
[WhiteElo "1710"]
[BlackElo "2048"]
[Annotator "TA"]
[PlyCount "72"]
[EventDate "2020.06.18"]
[EventType "swiss (blitz)"]

{[%evp 14,72,7,0,81,71,64,-46,108,-33,168,97,95,92,102,91,96,72,124,82,172,184,158,141,244,152,272,246,236,108,117,100,267,254,246,178,637,602,567,343,459,315,1074,971,730,186,199,0,999,-19,-48,-1081,-156,-164,-157,-222,0,-229,-240,-29997,-29998]} 1. e4 d6 2. d4 c5 3. Nf3 cxd4 4. Nxd4 Nf6 5. Nc3 a6 6. Bg5 e6 7. f3 Be7 8. Qd2 Qb6 {8...0-0 is a critical line. B95: Sicilian Najdorf: 6 Bg5 e6, unusual White 7th moves.} (8... h6 $11 {keeps the balance.} 9. Be3 O-O) 9. O-O-O $16 Nc6 10. g4 {[#]} (10. Be3 $14 Nxd4 11. Bxd4) 10... Bd7 $146 (10... Qxd4 $15 11. Qxd4 Nxd4 12. Rxd4 h5) ({Predecessor:} 10... Qxd4 11. Qxd4 Nxd4 12. Rxd4 h5 13. gxh5 Nxh5 14. Bxe7 Kxe7 15. Rd2 b5 16. Rg1 Bb7 {0-1 (34) Nolsoe,E (2236)-Hoelzl,F (2372) Bled 2002}) 11. h4 ({White should try} 11. Be3 $16 {And now Nxe6! would win.} Qc7 12. g5) 11... O-O-O $2 (11... Nxd4 $15 {keeps the upper hand.} 12. Qxd4 Qxd4 13. Rxd4 h5) 12. Nxc6 (12. Be3 $18 Nxd4 13. Bxd4) 12... Bxc6 13. Be3 Qc7 {Black wants to play ...d5.} 14. g5 Nd7 15. Bh3 Ne5 (15... Kb8 $142) 16. Qe2 Qa5 (16... Kb8 $16) 17. f4 $18 Nd7 18. Kb1 Nc5 (18... Kb8 $16 19. Bd4 Bf8) 19. f5 Bd7 (19... Kb8 $16) 20. fxe6 fxe6 21. e5 (21. Bd4 $18 {is more deadly.}) 21... d5 $16 22. Rhf1 {aiming for Rf7.} Na4 $2 (22... Rhf8 $16 {keeps fighting.}) 23. Nxa4 $18 Qxa4 24. Rf7 Bf8 $2 (24... Qxh4 25. Qg2 (25. Rxe7 Qxh3 26. Bb6 Rdf8 $14) 25... Qh5) 25. Bb6 Re8 26. Rd3 Bb4 27. Qf3 {a3 is the strong threat.} Bb5 $2 (27... Kb8 28. a3 (28. Rxg7 Re7 $16) 28... Rc8 29. Rxd7 (29. axb4 Qxc2+ 30. Ka2 Be8 $16) 29... Qxd7) 28. Rc7+ Kb8 29. Qf7 $2 (29. b3 Qa3 {[#]} 30. Qf7 $1 {[%mdl 512]} (30. Rxg7 Bxd3 31. Qxd3 Bc5 $15)) 29... Bc6 30. Rb3 $2 ({And not} 30. Qxg7 Qb5 $11) (30. b3 $18 Qb5 31. Qf2) 30... Rc8 $2 {[%mdl 8192]} (30... Rhf8 $11 31. Qxg7 Qb5 32. Ba7+ (32. Be3 Rg8 $11) 32... Kxa7) 31. Rxb7+ $2 (31. a3 $18 Rcf8 32. Qxg7 (32. axb4 Rxf7 33. Rxf7 d4 $11)) 31... Bxb7 $11 32. Bxe6 $2 {[%mdl 8192]} (32. a3 $15 Qe8 33. Qxe8 Rhxe8 34. Rxb4) 32... Qb5 $2 (32... Rhf8 $19 {has better winning chances.} 33. a3 Rxf7 34. Bxf7 Bd2) 33. Bxc8 $17 Rxc8 $40 {[%mdl 128] Black has strong attack.} 34. e6 (34. a3 $17 {was called for.} Qxb6 35. Rxb4) 34... Qc6 $2 (34... Qxb6 $19 35. a3 Rc7 36. Qg8+ Ka7 37. Rxb4 Qf2) 35. Qf4+ $2 (35. a3 $1 $11 Bd6 36. Ka1) 35... Ka8 $19 36. Ba7 $2 {[#]} (36. a3 $19 Bxa3 {[%mdl 64] Deflection} 37. Rxa3 Qxb6 38. Qe5) 36... Qxc2+ {Quite a comeback for Black. Accuracy: White = 28%, Black = 27%.} 0-1

[Event "Stay Safe Play From Home 235"]
[Site "Emanuel Lasker Arena"]
[Date "2020.06.18"]
[Round "3"]
[White "Little champs"]
[Black "Souchov"]
[Result "0-1"]
[WhiteElo "2305"]
[BlackElo "1706"]
[Annotator "TA"]
[PlyCount "74"]
[EventDate "2020.06.18"]
[EventType "swiss (blitz)"]

{[%evp 12,73,-10,2,40,27,47,14,17,-30,50,21,58,25,41,30,53,41,49,-30,7,-46,-58,-71,-33,-83,-35,-39,0,-32,-16,-18,0,-47,-11,-2210,-2202,-2131,-2108,-2085,-1554,-2839,-2078,-2146,-1729,-2160,-1483,-1432,-1276,-29992,-29993,-29997,-29986,-29986,-29987,-29986,-29987,-29992,-29993,-29993,-29991,-29990,-29988,-29999]} 1. e4 c5 2. Nf3 Nc6 3. d4 cxd4 4. Nxd4 Nf6 5. Nxc6 bxc6 6. Nc3 e5 7. Bc4 Bb7 {B33: Sicilian: Pelikan and Sveshnikov Variations.} 8. Bb3 Be7 {[#]} 9. O-O $146 (9. f4 {with more complications.} d6 10. Be3 O-O 11. Qf3 Qc8 12. O-O-O) ({Predecessor:} 9. Bg5 O-O 10. O-O h6 11. Bh4 Nd5 12. Bxe7 Nxe7 13. Qd6 Re8 14. Rad1 Bc8 15. Qxe5 Nd5 16. Qh5 g6 17. Qxh6 Ne7 18. Rd6 Qc7 19. Bxf7+ {1-0 (19) Garcia,M-Strand,H (2015) Gibraltar 2007}) 9... O-O {The position is equal.} (9... Qc7 {feels hotter.} 10. Qd3) 10. f4 Qc7 ({Black should play} 10... Bc5+ $11 11. Kh1 Bd4) 11. fxe5 $14 Qxe5 12. Bf4 (12. Rf5 {looks sharper.} Qc7 13. e5 Ne8 14. Qf3 d5 15. exd6 Bxd6 16. Bf4) 12... Qc5+ 13. Kh1 d5 14. exd5 cxd5 15. Qe2 (15. Be5 $14) 15... Bd6 16. Na4 ({White should try} 16. Qb5 $11 Qxb5 17. Nxb5) 16... Qc6 $15 17. Bxd6 Qxd6 18. Nc3 Ba6 {[%mdl 64] [#] Skewer} 19. Nb5 Qc5 20. a4 (20. Rxf6 $5 gxf6 21. Qg4+ Kh8 22. Qh4 Qxb5 23. Qxf6+ Kg8 24. Qg5+ {[%mdl 64] Double Attack} Kh8 25. Qf6+ Kg8 26. Qg5+ {[%mdl 64] Double Attack} Kh8 27. Qf6+ $11) 20... Ne4 21. Rad1 Rad8 22. c3 (22. Bxd5 $5 Rxd5 23. Qxe4 Rxd1 24. Rxd1 $11) 22... Rfe8 23. g3 $2 {[%mdl 8192] [#] This costs White the game.} (23. Qf3 $11 Re7 24. Bc2) 23... Nxg3+ $1 $19 {[%mdl 576] Discovered Attack} 24. hxg3 Rxe2 25. Nd4 Qd6 {( -> ...Qh6+)} 26. Nf5 Qc7 27. Rd4 Bc4 28. Rg4 g6 {And now ...d4 would win.} 29. Nh6+ Kg7 30. Bxc4 dxc4 {Black mates.} 31. Nxf7 Qxf7 32. Rxf7+ Kxf7 {[%cal Rd8d1]} 33. Rf4+ Kg7 34. Rf1 Rdd2 35. Rc1 Rxb2 36. Kg1 Rec2 {[%cal Rc2c1]} 37. a5 Rxc1# {Accuracy: White = 31%, Black = 54%.} 0-1

[Event "Stay Safe Play From Home 235"]
[Site "Emanuel Lasker Arena"]
[Date "2020.06.18"]
[Round "3"]
[White "BrainThinker22"]
[Black "Mepe_Nika"]
[Result "1/2-1/2"]
[WhiteElo "2272"]
[BlackElo "2370"]
[Annotator "NA RC"]
[PlyCount "63"]
[EventDate "2020.06.18"]
[EventType "swiss (blitz)"]

1. e4 {[%emt 0:00:02]} e5 {[%emt 0:00:01]} 2. Nf3 {[%emt 0:00:01]} Nc6 {[%emt 0:00:00]} 3. d4 {[%emt 0:00:00]} exd4 {[%emt 0:00:00]} 4. Bc4 {[%emt 0:00:00]} Nf6 {[%emt 0:00:00]} 5. e5 {[%emt 0:00:00]} Ne4 {[%emt 0:00:00]} 6. O-O {[%emt 0:00:00]} Be7 {[%emt 0:00:03]} 7. Re1 {[%emt 0:00:01]} Nc5 {[%emt 0:00:01]} 8. c3 {[%emt 0:00:01]} d3 {[%emt 0:00:01]} 9. b3 {[%emt 0:00:02]} O-O {[%emt 0:00:01]} 10. b4 {[%emt 0:00:01]} Ne6 {[%emt 0:00:01]} 11. Bxd3 {[%emt 0:00:01]} d5 {[%emt 0:00:01]} 12. exd6 {[%emt 0:00:01]} Bxd6 {[%emt 0:00:01]} 13. Qc2 {[%emt 0:00:03]} h6 {[%emt 0:00:02]} 14. a3 {[%emt 0:00:01]} Nf4 {[%emt 0:00:01]} 15. Bxf4 {[%emt 0:00:02]} Bxf4 {[%emt 0:00:00]} 16. Nbd2 {[%emt 0:00:00]} Be6 {[%emt 0:00:02]} 17. Rad1 {[%emt 0:00:01]} Qf6 {[%emt 0:00:01]} 18. Ne4 {[%emt 0:00:01]} Qe7 {[%emt 0:00:03]} 19. Nc5 {[%emt 0:00:01]} Nd8 {[%emt 0:00:07]} 20. Nxe6 {[%emt 0:00:04]} Nxe6 {[%emt 0:00:00]} 21. Bc4 {[%emt 0:00:00]} Rad8 {[%emt 0:00:03]} 22. Qe4 {[%emt 0:00:01]} Rxd1 {[%emt 0:00:05]} 23. Rxd1 {[%emt 0:00:00]} Bd6 {[%emt 0:00:01]} 24. g3 {[%emt 0:00:02]} b6 {[%emt 0:00:01]} 25. Nd4 {[%emt 0:00:01]} Nxd4 {[%emt 0:00:02]} 26. Qxe7 {[%emt 0:00:03]} Nf3+ {[%emt 0:00:01]} 27. Kg2 {[%emt 0:00:01]} Bxe7 {[%emt 0:00:00]} 28. Kxf3 {[%emt 0:00:00]} Rd8 {[%emt 0:00:01] Mepe_Nika offers a draw} 29. Rxd8+ {[%emt 0:00:04]} Bxd8 {[%emt 0:00:00] BrainThinker22 offers a draw} 30. Bb3 {[%emt 0:00:05]} Bf6 {[%emt 0:00:02]} 31. c4 {[%emt 0:00:01]} Kf8 {[%emt 0:00:01] Mepe_Nika offers a draw} 32. b5 {[%emt 0:00:01] BrainThinker22 offers a draw (Lag: Av=0.43s, max=0.7s)} 1/2-1/2

[Event "Stay Safe Play From Home 235"]
[Site "Emanuel Lasker Arena"]
[Date "2020.06.18"]
[Round "3"]
[White "Toosieslide"]
[Black "SoulofWolf"]
[Result "0-1"]
[WhiteElo "2266"]
[BlackElo "2171"]
[Annotator "TA"]
[PlyCount "112"]
[EventDate "2020.06.18"]
[EventType "swiss (blitz)"]

{[%evp 9,112,43,117,116,114,112,169,162,169,81,105,74,110,108,112,99,92,111,104,99,106,46,73,0,0,-16,0,0,46,-6,32,12,25,25,29,0,0,-29,-18,-127,0,-8,24,0,0,0,0,0,45,47,62,-6,52,0,0,0,0,-7,-7,-29994,85,-49,-10,-10,0,0,0,0,38,-41,22,-41,58,-87,-81,-147,-83,-134,-76,-140,-125,-125,-67,-67,-21,-219,-223,-281,-198,-268,0,-2781,29978,-998,111,111,103,-29989,37,-29991,-29992,-29994,-29993,-29994,-29995]} 1. d4 e6 2. c4 d5 3. Nc3 Be7 4. Nf3 c6 5. e4 {[#]} Nd7 $146 (5... dxe4 $14 6. Nxe4 Nd7) ({Predecessor:} 5... dxe4 6. Nxe4 Nf6 7. Bd3 O-O 8. O-O Nbd7 9. Qe2 c5 10. dxc5 Nxc5 11. Nxc5 Bxc5 12. Bg5 Qc7 13. Ne5 Nd7 14. Nf3 Re8 15. Rad1 Nf8 16. Bc2 f6 17. Ba4 Bd7 18. Bxd7 Nxd7 19. Bd2 Bf8 20. Nd4 {1-0 (48) Polak,T (2511)-Adamek,J (2363) Ostrava 2016}) 6. cxd5 {D31: Queen's Gambit Declined: Semi-Slav without ...Nf6 (+ Marshall Gambit and Noteboom) and Exchange Variation lines without ...Nf6.} cxd5 7. exd5 Nb6 (7... exd5 $16 8. Nxd5 Ngf6) 8. dxe6 {White is clearly better.} Bxe6 9. Be3 (9. Bb5+ $18 Kf8 10. O-O) 9... Nf6 10. Bd3 Ng4 11. O-O Nxe3 12. fxe3 O-O 13. e4 Rc8 14. Qe2 Bg4 {[#]} 15. d5 (15. Qe3 $1 $16) 15... Bh5 16. Rfc1 (16. Kh1 $16) 16... a6 $11 17. Nd1 Bc5+ 18. Kh1 Bd4 19. Qd2 (19. Rxc8 $14 Nxc8 20. Ne3) 19... Bf6 20. Be2 Qd6 21. Rxc8 Rxc8 22. Rc1 Re8 23. Qd3 Nd7 24. Ne3 (24. Qe3 $11) 24... Bxf3 (24... Nc5 $17 25. Qc2 Nxe4) 25. Bxf3 Ne5 26. Qe2 g6 27. Nc4 Nxc4 28. Rxc4 b5 29. Rc6 Qe5 30. b3 (30. g3 $14) 30... a5 (30... Qa1+ $11 31. Qd1 Qxd1+ 32. Bxd1 Rxe4) 31. h3 (31. g3 $14) 31... b4 32. Kg1 Qd4+ 33. Kh1 Be5 34. Qd2 $2 {[%mdl 8192]} (34. Rc4 $11 Qa1+ 35. Qd1) 34... Qa1+ $2 (34... Qxd2 35. g3 Bxg3 36. Rc2 Qxc2 37. Be2 Qxe2 38. Kg1 Qh2+ {[%mdl 64] Double Attack} 39. Kf1 Qf2#) 35. Bd1 ({Better is} 35. Rc1 $16 Qb2 36. Qxb2 Bxb2 37. Rc5) 35... Bc3 {[%mdl 1024] Black has compensation.} (35... Bb8 $5 {[%cal Re8e4]} 36. d6 Qf6 $11) 36. Qe2 Qc1 37. Rc4 Qf4 38. Qf3 Qe5 39. Rc6 (39. Be2 $14) 39... Rf8 (39... Qxe4 $15 40. Qxe4 Rxe4) 40. d6 (40. Be2 $11) 40... Qe8 (40... Rd8 $15) 41. d7 (41. Rc5 $14 {keeps the upper hand.}) 41... Qxd7 $17 42. Rc4 (42. Ra6 $142) 42... Be5 ({Black should play} 42... Qd2 43. Qf1 Kg7) 43. Be2 (43. Rc2 $142) 43... Bb8 (43... Qd2 $142 {aiming for ...f5.} 44. Rc5 Qxa2) 44. Bf1 ({White should try} 44. Rc1) 44... Qd6 {[%csl Gb8][%cal Rd6h2]} 45. g3 {[#]} h5 ({Don't play} 45... Qxg3 $6 46. Qxg3 Bxg3 47. Kg2 $15) (45... Qd2 $1 $17 {[%cal Rd2a2]} 46. Rc6 Qxa2) 46. Kg2 $15 {[#]} h4 $1 {[%cal Rh4g3][%mdl 512]} 47. Be2 $2 (47. e5 $1 $11 {and White is okay.} Qd2+ 48. Qe2) (47. gxh4 Qh2#) 47... hxg3 $40 {[%mdl 128] Black has strong attack.} 48. Qg4 Qe5 49. Qf3 (49. Rc8 {was necessary.}) 49... Qd6 $2 (49... Kg7 $19 {Threatens to win with ...Qb2.} 50. Rc2 Qd4) 50. Rc5 $2 {[%mdl 8192]} (50. Qg4 $11 Qd2 51. Rc6) 50... g5 $4 {[%mdl 8192]} (50... Qxc5 $19 51. Bc4 Qd4) 51. e5 $4 {[%mdl 8192]} (51. Rxg5+ {was the only winning move.} Qg6 52. Qf6 Qxg5 53. Qxg5+ Kh8 54. e5 Rc8 55. Qh4+ Kg8 56. Qg4+ {[%mdl 64] Double Attack} Kh7 57. Bd3+ Kh8 58. Qxc8+ {[%mdl 64] Double Attack} Kg7 59. Qxb8) 51... g4 $2 (51... Qxc5 $19 52. Qxg3 Qd5+ 53. Bf3 Qd2+ 54. Qf2 Qc1) 52. Qxg4+ $16 ({Don't take} 52. exd6 gxf3+ 53. Bxf3 Bxd6 $11) 52... Qg6 53. Qg5 $2 {[%mdl 8192]} (53. Kxg3 $16 Kg7 54. Bd3 (54. Rxa5 f6 $16) 54... Qxg4+ 55. Kxg4) 53... Kg7 $2 (53... Qxg5 {mates} 54. Bf3 Rd8 55. Rd5 Rxd5 56. Bxd5 Qxe5 57. Bxf7+ Kxf7 58. Kf3 Qf4+ 59. Ke2 g2 60. Kd3 g1=Q 61. Kc2 Qgh2+ 62. Kd3 Qhd2#) 54. Rc6 $2 {[%mdl 8192]} (54. Qxg3 $14 Qxg3+ 55. Kxg3) 54... Qxg5 {Black mates.} 55. Rh6 f6 56. Bd3 Kxh6 {Accuracy: White = 32%, Black = 43%.} 0-1